Unemployment in Pakistan (Record no. 540414)

000 -LEADER
fixed length control field 00670nam a22001697a 4500
020 ## - INTERNATIONAL STANDARD BOOK NUMBER
Qualifying information Hard Cover.
082 ## - DEWEY DECIMAL CLASSIFICATION NUMBER
Classification number 621.3
100 ## - MAIN ENTRY--PERSONAL NAME
Personal name Khan Wazir, Abdullah, Ghyoor Arshad Lodhi, Nabeel Afzal, Rafy Zafar & Talal Ahmed
245 ## - TITLE STATEMENT
Title Unemployment in Pakistan
Statement of responsibility, etc. Abdullah Khan Wazir, Ghyoor Arshad Lodhi, Nabeel Afzal, Rafy Zafar & Talal Ahmed
260 ## - PUBLICATION, DISTRIBUTION, ETC.
Place of publication, distribution, etc. Islamabad :
Name of publisher, distributor, etc. SEECS - NUST,
300 ## - PHYSICAL DESCRIPTION
Extent 35 p. : ill. ;
Dimensions 30cm.
650 ## - SUBJECT ADDED ENTRY--TOPICAL TERM
Topical term or geographic name entry element Electronics Engineering-Project Report
700 ## - ADDED ENTRY--PERSONAL NAME
Personal name Mr. Maqsood ul Hassan
856 ## - Uniform Resource Identifier
Uniform Resource Identifier <a href="http://10.250.8.41:8080/xmlui/handle/123456789/29512">http://10.250.8.41:8080/xmlui/handle/123456789/29512</a>
942 ## - ADDED ENTRY ELEMENTS (KOHA)
Source of classification or shelving scheme
Koha item type Project Report
650 ## - SUBJECT ADDED ENTRY--TOPICAL TERM
-- 31158
700 ## - ADDED ENTRY--PERSONAL NAME
-- 34422
Holdings
Withdrawn status Lost status Source of classification or shelving scheme Damaged status Not for loan Permanent Location Current Location Shelving location Date acquired Full call number Barcode Date last seen Price effective from Koha item type
WITHDRAWN         Central Library (CL) Central Library (CL) Thesis 10/23/2020 621.3 CL-BP-569 10/23/2020 10/23/2020 Project Report
© 2023 Central Library, National University of Sciences and Technology. All Rights Reserved.